1145 1907 1447 1854 1584 1285 1373 1732 1292 1685 1290 1178 1944 1110 1214 1609 1118 1241 1730 1624 1578 1511 1336 1172 1766 1019 1680 1087 1648 1031 1567 1222 1156 1250 1558 1200 1783 1087 1955 1748 1118 1776 1964 1422 1059 1475 1094 1312 1160 1136 1436 1855 1048 1338 1202 1723 1853 1118 1361 1429 1995 1047 1600 1338 1922 1479 1812 1578 1277 1864 1002 1800 1084 1672 1459 1867 1003 1542 1273 1364 1355 1553 1178 1028 1046 1935 1478 1904 1653 1008 1676 1566 1789 1282 1988 1256 1491 1510 1939 BCNSPRNW ULIB Ver.6.0+V

เปลี่ยนเป็นภาษาไทย

Change to English
 แสดงรายละเอียดบรรณานุกรม
  กลับหน้าหลัก

Brief Record : Get Marc (ISO 2709) : E-mail record : QR code < ปิดหน้าต่าง
LEADER : 00000nam 2200000uu 4500
001    13399115174
003     ULIB
008    120717s2551||||th 000 0 tha d
020    ^a9789741109265
060 04 ^aWS100^bจ328ก 2551
245 00 ^aกุมารเวชศาสตร์ทันยุค =^bNew frontier in pediatrics /^cบรรณาธิการ, จารุพิมพ์ สูงสว่าง ... [และคนอื่นๆ]
246 31 ^aNew frontier in pediatrics
250    ^aพิมพ์ครั้งที่ 1
260    ^aกรุงเทพฯ :^bเฮาแคนดู,^c2551
300    ^a320 หน้า :^bภาพประกอบ ;^c27 ซม.
650  7 ^aกุมารเวชศาสตร์
653    ^aผลงานอาจารย์คณะแพทยศาสตร์ศิริราชพยาบาล
700 0  ^aจารุพิมพ์ สูงสว่าง,^eบรรณาธิการ
945    ^p0^l0^i16000
945    ^p0^l0^i16001
945    ^p350^l0^i15045
995    ^aกัณชพร
999    ^aใช้งานได้ทุกระบบ
รายการนี้ยังไม่มีแท็ก
คุณยังไม่ได้ล็อกอิน คุณสามารถมีกิจกรรมร่วมกับเว็บไซต์ได้ แต่ต้องล็อกอินก่อน ::
  ล็อกอิน

รายการสื่อสารสนเทศ

ลำดับที่ ประเภท เลขเรียก/บาร์โค้ด สถานที่ สถานะ
1. วิทยาศาสตร์การแพทย์ และสุขภาพ
วิทยาศาสตร์การแพทย์ และสุขภาพ
WS100 จ328ก 2551  
  Barcode: 16000
ห้องสมุดวิทยาเขตสวรรค์ประชารักษ์
►ส่วนจัดเก็บหนังสือเก่า สปร
บนชั้น
  ขอยืม
2. วิทยาศาสตร์การแพทย์ และสุขภาพ
วิทยาศาสตร์การแพทย์ และสุขภาพ
WS100 จ328ก 2551 ฉ.1 
  Barcode: 15045
ห้องสมุดวิทยาเขตสวรรค์ประชารักษ์
►ส่วนจัดเก็บหนังสือเก่า สปร
บนชั้น
  ขอยืม
3. วิทยาศาสตร์การแพทย์ และสุขภาพ
วิทยาศาสตร์การแพทย์ และสุขภาพ
WS100 จ328ก 2551 ฉ.2 
  Barcode: 16001
ห้องสมุดวิทยาเขตสวรรค์ประชารักษ์
►ส่วนจัดเก็บหนังสือเก่า สปร
บนชั้น
  ขอยืม

รายการใกล้เคียง
    หัวเรื่อง [กุมารเวชศาสตร์]

BibComment


ยังไม่เคยถูกคอมเมนท์

คอมเมนท์ทรัพยากรรายการนี้
  คอมเมนท์: กุมารเวชศาสตร์ทั..


 Copyright 2026. Bcnsprnw @Library